Controles elementales de dirección / Riccardo Riccardi, Jesús María Landa
Descripción Física:
113 p. : gràf. ; 22 cm
Otros Autores:
Landa, Jesús María
Materias:
Empreses -- Direcció i administració
MARC
| LEADER | 00000nam a2200000Ia 4500 | ||
|---|---|---|---|
| 001 | 14210 | ||
| 008 | 160829s1974 xx 000 0 cat d | ||
| 080 | |a M-4-170 | ||
| 100 | |a Riccardi, Riccardo |9 25460 | ||
| 245 | |a Controles elementales de dirección / Riccardo Riccardi, Jesús María Landa | ||
| 250 | |a 2a ed. | ||
| 260 | |a Bilbao : |b Deusto, |c 1974 | ||
| 300 | |a 113 p. : |b gràf. ; |c 22 cm | ||
| 490 | |a Manuales prácticos de gestión de empresas. Serie A, Gestión directiva ; 2 | ||
| 590 | |a Bibliografia | ||
| 650 | 0 | |a Empreses |x Direcció i administració |9 10980 | |
| 700 | |a Landa, Jesús María |9 25461 | ||
| 901 | |a Arxiu | ||
| 942 | |n 1 | ||
| 952 | |0 0 |1 0 |4 0 |6 M4170 |7 1 |9 43625 |a Arxiu |b Arxiu |d 2016-12-01 |l 0 |o M-4-170 |p 14210 |r 2016-12-01 00:00:00 |w 2016-12-01 |y ARXIU | ||
| 999 | |c 46173 |d 46173 | ||